| 000 | 00943nas a2200289 4500 | ||
|---|---|---|---|
| 001 | BR2017003294 | ||
| 003 | BR-BrBNA | ||
| 005 | 20231205131158.0 | ||
| 007 | ta | ||
| 008 | 230509b bl.|||p| |||| 00| 00por d | ||
| 040 |
_aBR-BrBNA _bpor _cBiblioteca Nacional de Agricultura |
||
| 041 | _a(En) | ||
| 072 | _aP10; J11 | ||
| 100 | 1 | _aFerreira, W.F.de S. | |
| 100 | 1 | _aAlencar, E.R. de | |
| 100 | 1 | _aAlves, H. | |
| 100 | 1 | _aRibeiro, J.L. | |
| 100 | 1 | _aSilva, C.R. da | |
| 245 | 1 | _aInfluence of pH on the efficacy of ozonated water to control microorganisms and its effect on the quality of stored strawberries (Fragaria x ananassa Duch.) | |
| 650 | _aMORANGO | ||
| 650 | _aPOS-COLHEITA | ||
| 650 | _aOZONIO | ||
| 650 | _aQUALIDADE DA AGUA | ||
| 773 | 0 |
_tCiência e Agrotecnologia (Brazil) _xISSN 1413-7054 _g(Nov-Dec 2017), v. 41(6) p. 692-700 _wBR2017003294 |
|
| 909 |
_a202311 _bLúcia _c55 _dLúcia Elande |
||
| 942 |
_2AGRIS _n0 _cANA |
||
| 999 |
_c253414 _d253414 |
||